Normal view
MARC view
- Witczak, M.W
Entry Personal Name
001 - CONTROL NUMBER
- control field: 44388
003 - CONTROL NUMBER IDENTIFIER
- control field: NUST
005 - DATE AND TIME OF LATEST TRANSACTION
- control field: 20210314132950.0
008 - FIXED-LENGTH DATA ELEMENTS
- fixed length control field: 210314|| aca||aabn | a|a d
040 ## - CATALOGING SOURCE
- Original cataloging agency: NUST
- Transcribing agency: NUST
100 ## - HEADING--PERSONAL NAME
- Personal name: Witczak, M.W
670 ## - SOURCE DATA FOUND
- Source citation: Work cat.: (NUST): Witczak, M.W, Design analysis - Full-Depth asphalt pavement for dallas-fort worth regional airport, 1970
